000 02150cam a22002294a 4500
005 20250605164223.0
008 250528s ||||||||||||||||||||||||d
035 _a20743
020 _a9602098538
040 _aGR-AtMCL
_bgre
_dGR-AtMCL
_eAACR2
245 1 _aΔιαχείριση Έργων / Project Management: Τρίτη Αγγλική Έκδοση
250 _a
260 _bΚλειδάριθμος,
_c2005
300 _a504
520 _aΤο βιβλίο αυτό, συνδυάζοντας μια ισχυρή ακαδημαϊκή προσέγγιση με μελέτες πραγματικών περιπτώσεων δείχνει περίτεχνα το εύρος των θεμάτων που αντιμετωπίζουν οι διαχειριστές έργων, μέσω της λογικής του κύκλου έργου των τεσσάρων φάσεων. Πρόλογος, Εισαγωγή, Δομές και Πλαίσια, Ορισμός του Έργου, Στρατηγική και Διαχείριση Έργου, Σχεδιασμός της Διαδικασίας του Έργου, Σχεδιασμός Χρόνου, Διαχείριση Έργου Μέσω Κρίσιμης Αλυσίδας, Σχεδιασμός Κόστους και Ποιότητας, Ανάλυση Σχεδίων και Διαχείριση Κινδύνων, Εκτέλεση του Έργου, Οργάνωση Έργου: Δομές και Ομάδες, Μάνατζμεντ και Ηγεσία σε Περιβάλλον Έργου, Έλεγχος των Έργων, Θέματα Αλυσίδας Προμηθειών, Επίλυση Προβλημάτων και Λήψη Αποφάσεων, Ανάπτυξη της Διαδικασίας, Ολοκλήρωση Έργου και Επανεξέταση, Βελτίωση της Απόδοσης Ενός Έργου, Σχετικά Πρότυπα, Ευρετήριο.
700 1 _aMaylor Harvey
_91386
700 1 _aΚαρανικολός Κώστας
_96712
700 1 _aΣταυρόπουλος Παναγιώτης
_96713
942 _cBK
999 _c5827
_d5827